[Event "POL-chT 1 Liga 2019"]
[Site "Dzwirzyno"]
[Date "2019.09.10"]
[Round "4.1"]
[White "Nayhebaver, Martin"]
[Black "Golubka, Petro"]
[Result "0-1"]
[WhiteElo "2491"]
[BlackElo "2479"]
[Annotator "TA"]
[PlyCount "82"]
[EventDate "2019.09.07"]
[EventType "team-tourn"]
[EventCountry "POL"]
[SourceTitle "playchess.com"]
[Source "ChessBase"]
[SourceQuality "1"]

{[%evp 9,82,23,54,4,7,7,2,-8,-7,-7,0,-7,3,-13,0,0,0,0,9,0,5,0,4,-5,0,0,0,0,15,8,11,13,17,2,17,9,6,0,0,0,-1,-7,0,0,0,0,0,0,0,0,0,-10,10,20,25,-23,-8,-23,-8,-9,-2,-9,-13,-90,29,-207,-221,-220,-211,-784,-766,-868,-855,-868,-868]} 1. d4 Nf6 2. c4 g6 3. Nc3 d5 4. Nf3 Bg7 5. Bg5 c6 6. Bxf6 {D91: Grünfeld: 4 Nf3 Bg7 5 Bg5} (6. e3 {is interesting.} h6 7. Bh4 O-O 8. Bd3 Be6 9. cxd5 cxd5 10. a3) (6. e3 O-O 7. Qb3 dxc4 8. Bxc4 Nbd7 9. O-O Nb6 10. Be2 Be6 11. Qc2 h6 12. Bh4 Bf5 13. e4 Bg4 14. Rad1 Nh5 15. h3 Be6 16. Rfe1 {1-0 (46) Mamedyarov,S (2753)-Safarli,E (2660) Khanty-Mansiysk 2013}) 6... Bxf6 7. cxd5 cxd5 8. Qb3 {The position is equal.} e6 9. e3 Nc6 10. Be2 O-O 11. O-O Bd7 12. Rfc1 Na5 13. Qd1 Rc8 14. Nd2 $146 ({Predecessor:} 14. Na4 b6 {½-½ (25) Del Rey,D (2386)-Cornette,M (2373) France 2004}) 14... Nc6 15. a3 Ne7 16. Nb3 e5 17. Qd2 exd4 18. Nxd4 Qb6 19. Bf3 Bxd4 20. exd4 Be6 21. Re1 Qd6 22. Qg5 Nf5 23. Qf6 Qb6 24. Nxd5 Qxb2 25. Reb1 $132 {[%mdl 2048] White puts up resistance} Qd2 26. Rd1 Qa5 27. Ne3 Nxe3 28. fxe3 Bb3 29. Re1 b5 30. d5 Rfd8 31. e4 Qc3 32. Qg5 (32. Qa6 {looks sharper.} Rc5 33. Kh1 Rd7 34. h3 Qe5 35. Rab1) 32... a5 33. Kh1 f6 34. Qf4 Qd4 {[%cal Rd8d5]} 35. Rac1 Bc2 36. Qg4 (36. Bd1 $11 Bd3 37. Bf3) 36... f5 (36... Qe5 $17 37. Re2 Bxe4 {[%mdl 64] Discovered Attack} 38. Qxc8 Rxc8 39. Rxc8+ Kf7) 37. Qh3 $2 {[#]} (37. Qg5 $1 $11 {and White is okay.} Bxe4 38. Bxe4 fxe4 39. Red1) 37... b4 $1 $19 {[%cal Rb4b3]} 38. axb4 axb4 {White must now prevent ...b3.} 39. e5 $2 (39. exf5 Bxf5 40. Rxc8 Rxc8 41. g4) 39... b3 {[%cal Bb4b3,Bb3b2][%mdl 32] Black is clearly winning.} 40. e6 b2 {aiming for ...Qd2.} 41. e7 Re8 {Accuracy: White = 24%, Black = 51%.} ({Not} 41... bxc1=R 42. exd8=Q+ Rxd8 43. Rxc1 $15) ({Weaker is} 41... bxc1=N 42. exd8=N Rxd8 43. Rxc1 $15) (41... bxc1=B 42. exd8=Q+ Rxd8 43. Rxc1 $15) 0-1

[Event "POL-chT 1 Liga 2019"]
[Site "Dzwirzyno"]
[Date "2019.09.10"]
[Round "4.2"]
[White "Kislinsky, Alexey"]
[Black "Roubalik, Jakub"]
[Result "1/2-1/2"]
[WhiteElo "2436"]
[BlackElo "2405"]
[Annotator "TA"]
[PlyCount "111"]
[EventDate "2019.09.07"]
[EventType "team-tourn"]
[EventCountry "POL"]
[SourceTitle "playchess.com"]
[Source "ChessBase"]
[SourceQuality "1"]

{[%evp 14,111,-7,-5,-14,-46,-13,-27,-22,-41,-39,-32,-30,-35,-44,-46,-36,-48,3,14,18,10,54,52,66,76,82,64,67,58,64,68,79,82,58,44,57,0,0,0,0,0,0,0,0,0,183,100,89,100,94,42,42,42,34,41,33,44,56,12,42,48,41,41,58,59,76,76,129,112,129,124,158,156,135,164,143,51,51,51,51,51,51,51,114,8,73,0,0,0,0,0,0,0,0,0,0,0,0,0]} 1. e4 e5 2. Nf3 Nc6 3. d4 exd4 4. Nxd4 Nf6 5. Nxc6 bxc6 6. e5 Qe7 7. Qe2 Nd5 8. h4 Qe6 {C45: Scotch Game} 9. g3 (9. Nd2 d6 10. exd6 Bxd6 11. Nc4 Bc5 12. a3 O-O 13. Qxe6 Bxe6 14. Bd3 Rfe8 15. O-O a5 16. Ne5 {½-½ (38) Caruana,F (2828)-Robson,R (2667) Saint Louis 2019}) 9... d6 10. c4 Nb6 {Black has an edge.} 11. Bg2 dxe5 12. Nd2 Bb4 $146 ({Predecessor:} 12... Be7 13. b3 O-O 14. Bb2 f6 15. O-O-O a5 16. f4 {1-0 (33) Idani,P (2604)-Sasikiran,K (2678) Astana 2019}) 13. O-O O-O 14. b3 f6 15. Bb2 Bd7 (15... a5 $15) 16. Ne4 $11 Be7 17. Qe3 Rab8 {Threatening ...Nxc4!} 18. Bc3 Rfd8 19. f4 exf4 20. Qxf4 Bd6 21. Nxd6 Qxd6 22. Qf2 Qd3 23. Rac1 Re8 24. Rfd1 Qe2 25. Rd2 ({Better is} 25. Bd4 $14 Qe6 26. Rd3) 25... Qxf2+ 26. Kxf2 c5 27. Bf3 Bf5 28. Rcd1 Kf7 29. Bb2 Nc8 $2 (29... Be4 $11) 30. g4 (30. Rd5 $1 $18 {[%cal Rd5f5]} Ne7 31. Rxc5) 30... Be6 $16 31. Ba3 Nd6 32. Bxc5 (32. Re2 $16) 32... Bxg4 $1 $14 33. Bxd6 Bxf3 34. Kxf3 cxd6 35. Rxd6 $16 {[%mdl 4096] Endgame KRR-KRR} Re7 36. Rd7 (36. R1d3 {feels hotter.} g6 37. R6d5 Rb6 38. a3 Rbe6 39. c5) 36... Rb7 37. Rxb7 Rxb7 $14 {KR-KR} 38. Rd6 Ke7 39. Ra6 Kd8 40. h5 Rf7 (40... Ke8 $142) 41. Kf4 g6 42. h6 Kc8 43. c5 f5 44. b4 g5+ {[#]} 45. Kxg5 (45. Kf3 $1 $16) 45... f4 46. Re6 {Re2 is the strong threat.} f3 {aiming for ...f2.} 47. Re1 f2 48. Rf1 Kd7 $1 49. b5 (49. Kg4 $16) 49... Ke6 {[#]} (49... a6 $1 $11) 50. Kg4 ({White should play} 50. a4 $1 $16) 50... Kd5 $11 {The position is equal.} 51. c6 {And now Kg3 would win.} a6 $1 52. bxa6 {Hoping for c7!} Kxc6 53. Kg3 Rf6 $1 54. Rxf2 Rg6+ 55. Kf4 {Strongly threatening Rc2+.} Rxh6 56. Ke4 {Accuracy: White = 53%, Black = 59%.} 1/2-1/2

[Event "POL-chT 1 Liga 2019"]
[Site "Dzwirzyno"]
[Date "2019.09.10"]
[Round "4.4"]
[White "Sabuk, Piotr"]
[Black "Ciesla, Adam"]
[Result "0-1"]
[WhiteElo "2397"]
[BlackElo "2273"]
[Annotator "TA"]
[PlyCount "64"]
[EventDate "2019.09.07"]
[EventType "team-tourn"]
[EventCountry "POL"]
[SourceTitle "playchess.com"]
[Source "ChessBase"]
[SourceQuality "1"]

{[%evp 18,68,69,66,93,45,174,129,187,130,136,114,146,66,48,61,52,47,60,41,156,154,136,151,154,125,125,29,55,28,24,24,31,12,35,0,0,0,0,0,0,6,1060,130,118,120,141,-117,-107,-29995,-29996,-29996,-29997]} 1. d4 g6 2. e4 Bg7 3. Nf3 c5 4. d5 d6 5. Nc3 a6 6. a4 Nf6 7. Bc4 Bg4 8. h3 Bxf3 9. Qxf3 O-O 10. O-O Nfd7 $146 {A43: Schmid Benoni} ({Predecessor:} 10... Nbd7 11. Bf4 Nh5 12. Bd2 f5 {½-½ (13) Jankovic,A (2559)-Milanovic,D (2476) Bad Gleichenberg 2013}) 11. Qe2 f5 (11... Nb6 $14) 12. f4 Kh8 (12... Nb6 $16 {keeps fighting.}) 13. Bd2 (13. Bd3 $18) 13... Nb6 $16 14. Bd3 N8d7 15. a5 (15. exf5 $16 c4 16. Be4 gxf5 17. Bf3) 15... c4 $1 $14 {[%cal Rc4d3]} 16. Bxc4 Nxc4 17. Qxc4 Rc8 18. Qe2 Rc5 (18... fxe4 $14 19. Qxe4 b5) 19. Rae1 Bf6 20. exf5 gxf5 21. Kh2 Rxa5 22. Qe6 ({White should play} 22. g4 $16) 22... Rc5 $11 23. g4 b5 24. g5 $36 {[%mdl 2048] White has the initiative.} (24. gxf5 b4 $17) 24... Bg7 25. Rf2 b4 26. Nd1 Rxc2 27. Bxb4 Rxf2+ $1 28. Nxf2 Qb6 29. Nd3 Qd4 $2 {[%mdl 8192]} (29... Qb5 $11 30. Rd1 (30. Qxe7 $2 Qxd3 31. Bxd6 Qxd5 $19) 30... Nb6) 30. Qxd7 $2 (30. Bc3 $1 $18 {[%cal Rc3d4] is the precise move to win.} Nc5 31. Qxe7 (31. Bxd4 Nxe6 32. Bf2 Nc7 $16) 31... Qxc3 32. bxc3 Nxd3 33. Rf1) 30... Qxd3 $16 31. Qxe7 {Black must now prevent Bc3.} ({Don't play} 31. Rxe7 $6 Qd4 $11) 31... Rc8 {[#] ( -> ...Rc2+)} 32. Re2 $2 {[%mdl 8192]} (32. Re3 $1 $16 {[%cal Re3d3]} Qxd5 {[#]} 33. Qd7 $1 {[%mdl 512]} (33. Bxd6 Kg8 $16)) 32... Qxd5 {Played: Bg7-e5} 0-1

[Event "POL-chT 1 Liga 2019"]
[Site "Dzwirzyno"]
[Date "2019.09.10"]
[Round "4.5"]
[White "Tomaszewski, Roman"]
[Black "Kucza, Karol"]
[Result "1/2-1/2"]
[WhiteElo "2195"]
[BlackElo "2280"]
[Annotator "NA"]
[PlyCount "47"]
[EventDate "2019.09.07"]
[EventType "team-tourn"]
[EventCountry "POL"]
[SourceTitle "playchess.com"]
[Source "ChessBase"]
[SourceQuality "1"]
[TimeControl "40/5400+30:1800+30"]

1. d4 {[%emt 0:00:00]} d5 {[%emt 0:00:36]} 2. Nf3 {[%emt 0:00:00]} Nf6 {[%emt 0:00:13]} 3. Bf4 {[%emt 0:00:00]} c5 {[%emt 0:00:37]} 4. e3 {[%emt 0:00:11]} Nc6 {[%emt 0:00:05]} 5. c3 {[%emt 0:00:31]} Qb6 {[%emt 0:00:16]} 6. Qc1 {[%emt 0:38:06]} Bf5 {[%emt 0:02:26]} 7. Nbd2 {[%emt 0:05:14]} Rc8 {[%emt 0:01:05]} 8. dxc5 {[%emt 0:05:57]} Qxc5 {[%emt 0:00:07]} 9. Nb3 {[%emt 0:01:38]} Qb6 {[%emt 0:00:16]} 10. Nbd4 {[%emt 0:03:22]} Nxd4 {[%emt 0:08:16]} 11. Nxd4 {[%emt 0:00:58]} Bd7 {[%emt 0:00:07]} 12. Be2 {[%emt 0:00:25]} e6 {[%emt 0:02:57]} 13. O-O {[%emt 0:14:34]} Bd6 {[%emt 0:00:33]} 14. Bxd6 {[%emt 0:02:02]} Qxd6 {[%emt 0:00:07]} 15. Qd1 {[%emt 0:08:05]} O-O {[%emt 0:00:19]} 16. Qb3 {[%emt 0:00:03]} Ne4 {[%emt 0:07:38]} 17. Rfd1 {[%emt 0:02:25]} Qc7 {[%emt 0:00:47]} 18. Bb5 {[%emt 0:02:48]} Bxb5 {[%emt 0:03:22]} 19. Nxb5 {[%emt 0:00:06]} Qb6 {[%emt 0:00:06]} 20. Nd4 {[%emt 0:00:13]} Qxb3 {[%emt 0:00:11]} 21. axb3 {[%emt 0:01:37]} a6 {[%emt 0:00:05]} 22. b4 {[%emt 0:00:50]} Nd6 {[%emt 0:00:17]} 23. Nb3 {[%emt 0:00:52]} Rc7 {[%emt 0:00:53]} 24. Ra2 {[%emt 0:02:17]} 1/2-1/2

[Event "POL-chT 1 Liga 2019"]
[Site "Dzwirzyno"]
[Date "2019.09.10"]
[Round "4.6"]
[White "Kantane, Anna"]
[Black "Lach, Aleksandra"]
[Result "1/2-1/2"]
[WhiteElo "2273"]
[BlackElo "2173"]
[Annotator "NA"]
[PlyCount "43"]
[EventDate "2019.09.07"]
[EventType "team-tourn"]
[EventCountry "POL"]
[SourceTitle "playchess.com"]
[Source "ChessBase"]
[SourceQuality "1"]
[TimeControl "40/5400+30:1800+30"]

1. e4 {[%emt 0:00:00]} e6 {[%emt 0:00:00]} 2. c4 {[%emt 0:03:24]} d5 {[%emt 0:01:35]} 3. cxd5 {[%emt 0:00:09]} exd5 {[%emt 0:00:18]} 4. exd5 {[%emt 0:00:10]} Nf6 {[%emt 0:05:30]} 5. Nc3 {[%emt 0:00:12]} Nxd5 {[%emt 0:02:24]} 6. Nf3 {[%emt 0:00:09]} Nxc3 {[%emt 0:02:27]} 7. bxc3 {[%emt 0:02:57]} Be7 {[%emt 0:03:07]} 8. d4 {[%emt 0:03:20]} c6 {[%emt 0:09:05]} 9. Bd3 {[%emt 0:03:22]} Nd7 {[%emt 0:10:19]} 10. O-O {[%emt 0:02:01]} Nf6 {[%emt 0:01:15]} 11. Re1 {[%emt 0:03:44]} O-O {[%emt 0:02:03]} 12. Rb1 {[%emt 0:09:29]} h6 {[%emt 0:11:55]} 13. Bc2 {[%emt 0:10:41]} Bd6 {[%emt 0:15:19]} 14. Qd3 {[%emt 0:03:29]} Re8 {[%emt 0:02:21]} 15. Rxe8+ {[%emt 0:09:08]} Qxe8 {[%emt 0:01:48]} 16. Bd2 {[%emt 0:00:37]} b5 {[%emt 0:13:40]} 17. Re1 {[%emt 0:07:58]} Qd8 {[%emt 0:00:43]} 18. Ne5 {[%emt 0:10:11]} Bxe5 {[%emt 0:00:58]} 19. Rxe5 {[%emt 0:00:42]} Be6 {[%emt 0:00:43]} 20. Bb1 {[%emt 0:03:13]} Rc8 {[%emt 0:03:21]} 21. Re3 {[%emt 0:02:44]} Qd5 {[%emt 0:02:38]} 22. Re5 {[%emt 0:05:15]} 1/2-1/2

[Event "POL-chT 1 Liga 2019"]
[Site "Dzwirzyno"]
[Date "2019.09.10"]
[Round "4.8"]
[White "Flis, Pawel"]
[Black "Godzwon, Iwo"]
[Result "0-1"]
[WhiteElo "1897"]
[BlackElo "2265"]
[Annotator "NA"]
[PlyCount "116"]
[EventDate "2019.09.07"]
[EventType "team-tourn"]
[EventCountry "POL"]
[SourceTitle "playchess.com"]
[Source "ChessBase"]
[SourceQuality "1"]
[TimeControl "40/5400+30:1800+30"]

1. e4 {[%emt 0:00:00]} c5 {[%emt 0:00:00]} 2. Nc3 {[%emt 0:00:00]} e6 {[%emt 0:00:00]} 3. g3 {[%emt 0:00:00]} Nc6 {[%emt 0:00:00]} 4. Bg2 {[%emt 0:00:02]} Nf6 {[%emt 0:00:00]} 5. d3 {[%emt 0:00:32]} Be7 {[%emt 0:00:03]} 6. Nge2 {[%emt 0:00:16]} O-O {[%emt 0:00:05]} 7. O-O {[%emt 0:00:13]} Rb8 {[%emt 0:00:02]} 8. a4 {[%emt 0:01:47]} a6 {[%emt 0:00:13]} 9. f4 {[%emt 0:00:59]} d5 {[%emt 0:00:03]} 10. e5 {[%emt 0:08:46]} Nd7 {[%emt 0:00:02]} 11. Kh1 {[%emt 0:05:57]} b5 {[%emt 0:00:04]} 12. axb5 {[%emt 0:00:13]} axb5 {[%emt 0:00:12]} 13. d4 {[%emt 0:04:10]} b4 {[%emt 0:04:43]} 14. Nb1 {[%emt 0:05:43]} cxd4 {[%emt 0:09:27]} 15. Nxd4 {[%emt 0:01:04]} Nxd4 {[%emt 0:04:52]} 16. Qxd4 {[%emt 0:00:06]} Qc7 {[%emt 0:02:11]} 17. Qd1 {[%emt 0:14:43]} Qb6 {[%emt 0:08:28]} 18. Nd2 {[%emt 0:11:54]} Ba6 {[%emt 0:00:18]} 19. Re1 {[%emt 0:04:28]} Bc5 {[%emt 0:01:37]} 20. Nf1 {[%emt 0:03:23]} Ra8 {[%emt 0:10:37]} 21. Bd2 {[%emt 0:05:18]} Rfc8 {[%emt 0:01:07]} 22. Qg4 {[%emt 0:14:54]} Bd4 {[%emt 0:02:24]} 23. c3 {[%emt 0:02:18]} bxc3 {[%emt 0:00:15]} 24. bxc3 {[%emt 0:00:05]} Bxc3 {[%emt 0:00:07]} 25. Bxc3 {[%emt 0:02:16]} Rxc3 {[%emt 0:00:07]} 26. f5 {[%emt 0:03:21]} exf5 {[%emt 0:04:53]} 27. Qxf5 {[%emt 0:00:43]} Qe6 {[%emt 0:00:03]} 28. Bh3 {[%emt 0:03:11]} Qxf5 {[%emt 0:01:44]} 29. Bxf5 {[%emt 0:00:01]} Nc5 {[%emt 0:00:07]} 30. e6 {[%emt 0:03:21]} fxe6 {[%emt 0:07:03]} 31. Bxe6+ {[%emt 0:00:16]} Nxe6 {[%emt 0:00:02]} 32. Rxe6 {[%emt 0:00:18]} Rf3 {[%emt 0:00:01]} 33. Nd2 {[%emt 0:02:44]} Rf2 {[%emt 0:01:27]} 34. Nb3 {[%emt 0:01:05]} Rf1+ {[%emt 0:00:04]} 35. Rxf1 {[%emt 0:00:32]} Bxf1 {[%emt 0:00:04]} 36. Re7 {[%emt 0:00:49]} Bh3 {[%emt 0:01:55]} 37. Kg1 {[%emt 0:00:02]} Ra2 {[%emt 0:02:53]} 38. Re1 {[%emt 0:02:30]} Rg2+ {[%emt 0:02:54]} 39. Kh1 {[%emt 0:00:10]} Rb2 {[%emt 0:00:41]} 40. Nd4 {[%emt 0:00:00]} Rd2 {[%emt 0:00:00]} 41. Nb3 {[%emt 0:07:09]} Ra2 {[%emt 0:08:37]} 42. Kg1 {[%emt 0:03:56]} Kf7 {[%emt 0:00:04]} 43. Nd4 {[%emt 0:01:03]} Rg2+ {[%emt 0:00:20]} 44. Kh1 {[%emt 0:00:09]} Rd2 {[%emt 0:00:06]} 45. Ne2 {[%emt 0:01:04]} Bg4 {[%emt 0:00:17]} 46. Rf1+ {[%emt 0:06:53]} Ke7 {[%emt 0:02:27]} 47. Nc3 {[%emt 0:01:14]} Bh3 {[%emt 0:02:27]} 48. Rd1 {[%emt 0:01:01]} Rxd1+ {[%emt 0:00:34]} 49. Nxd1 {[%emt 0:00:05]} Ke6 {[%emt 0:06:35]} 50. Kg1 {[%emt 0:01:46]} Ke5 {[%emt 0:00:22]} 51. Kf2 {[%emt 0:00:22]} Be6 {[%emt 0:01:23]} 52. Ke3 {[%emt 0:00:18]} d4+ {[%emt 0:00:08]} 53. Kd2 {[%emt 0:01:44]} Ke4 {[%emt 0:00:43]} 54. Nf2+ {[%emt 0:00:50]} Kf3 {[%emt 0:00:05]} 55. Nd3 {[%emt 0:00:07]} Bf5 {[%emt 0:00:06]} 56. Ne5+ {[%emt 0:01:22]} Kg2 {[%emt 0:00:10]} 57. Nc6 {[%emt 0:07:01]} Kxh2 {[%emt 0:00:53]} 58. Nxd4 {[%emt 0:00:12]} Bg4 {[%emt 0:00:02]} 0-1

[Event "POL-chT 1 Liga 2019"]
[Site "Dzwirzyno"]
[Date "2019.09.10"]
[Round "4.9"]
[White "Tofil, Borys"]
[Black "Szmacinski, Slawomir"]
[Result "0-1"]
[WhiteElo "2202"]
[BlackElo "1848"]
[Annotator "NA"]
[PlyCount "138"]
[EventDate "2019.09.07"]
[EventType "team-tourn"]
[EventCountry "POL"]
[SourceTitle "playchess.com"]
[Source "ChessBase"]
[SourceQuality "1"]
[TimeControl "40/5400+30:1800+30"]

1. d4 {[%emt 0:00:00]} Nf6 {[%emt 0:00:00]} 2. Nc3 {[%emt 0:00:00]} d5 {[%emt 0:00:39]} 3. Bg5 {[%emt 0:00:00]} Nbd7 {[%emt 0:02:32]} 4. Nf3 {[%emt 0:01:35]} e6 {[%emt 0:00:28]} 5. e3 {[%emt 0:10:18]} Be7 {[%emt 0:01:44]} 6. Bd3 {[%emt 0:04:38]} h6 {[%emt 0:02:13]} 7. Bh4 {[%emt 0:00:40]} O-O {[%emt 0:02:27]} 8. Ne2 {[%emt 0:03:36]} c5 {[%emt 0:03:11]} 9. c3 {[%emt 0:00:18]} a6 {[%emt 0:06:26]} 10. O-O {[%emt 0:03:00]} g5 {[%emt 0:04:07]} 11. Bg3 {[%emt 0:03:16]} Ne4 {[%emt 0:05:34]} 12. Nd2 {[%emt 0:03:41]} f5 {[%emt 0:01:10]} 13. Nxe4 {[%emt 0:10:46]} dxe4 {[%emt 0:04:51]} 14. Bc4 {[%emt 0:07:18]} Nb6 {[%emt 0:00:51]} 15. Bb3 {[%emt 0:00:10]} c4 {[%emt 0:00:29]} 16. Bc2 {[%emt 0:00:07]} Nd5 {[%emt 0:00:02]} 17. Be5 {[%emt 0:07:40]} Bd7 {[%emt 0:03:47]} 18. Qd2 {[%emt 0:00:42]} Bc6 {[%emt 0:01:31]} 19. f3 {[%emt 0:01:39]} exf3 {[%emt 0:09:27]} 20. gxf3 {[%emt 0:00:51]} Nf6 {[%emt 0:00:29]} 21. Ng3 {[%emt 0:02:38]} Nd7 {[%emt 0:08:20]} 22. f4 {[%emt 0:05:28]} Nxe5 {[%emt 0:06:14]} 23. fxe5 {[%emt 0:00:02]} g4 {[%emt 0:00:22]} 24. Ne2 {[%emt 0:08:58]} Bg5 {[%emt 0:02:16]} 25. Nf4 {[%emt 0:00:31]} Bxf4 {[%emt 0:02:00]} 26. Rxf4 {[%emt 0:00:05]} Qg5 {[%emt 0:00:07]} 27. Raf1 {[%emt 0:04:31]} Kg7 {[%emt 0:07:38]} 28. Qe2 {[%emt 0:01:21]} h5 {[%emt 0:04:11]} 29. b3 {[%emt 0:09:14]} b5 {[%emt 0:01:34]} 30. bxc4 {[%emt 0:02:30]} bxc4 {[%emt 0:01:27]} 31. a4 {[%emt 0:00:34]} Bd5 {[%emt 0:00:51]} 32. Qf2 {[%emt 0:01:08]} Bf3 {[%emt 0:03:52]} 33. Bd1 {[%emt 0:01:05]} Bd5 {[%emt 0:00:56]} 34. Bc2 {[%emt 0:02:53]} Bf3 {[%emt 0:00:07]} 35. Bd1 {[%emt 0:02:34]} Bd5 {[%emt 0:00:10]} 36. h4 {[%emt 0:01:50]} gxh3+ {[%emt 0:07:00]} 37. Kh2 {[%emt 0:00:12]} Qg2+ {[%emt 0:00:05]} 38. Qxg2+ {[%emt 0:00:05]} hxg2 {[%emt 0:00:06]} 39. Rg1 {[%emt 0:00:16]} Rab8 {[%emt 0:01:12]} 40. Bf3 {[%emt 0:00:00]} Bxf3 {[%emt 0:00:00]} 41. Rxf3 {[%emt 0:01:51]} Rb2 {[%emt 0:01:29]} 42. Rg3+ {[%emt 0:10:18]} Kf7 {[%emt 0:00:18]} 43. R1xg2 {[%emt 0:05:35]} Rxg2+ {[%emt 0:00:23]} 44. Kxg2 {[%emt 0:02:56]} Rb8 {[%emt 0:00:08]} 45. Rg5 {[%emt 0:00:54]} Rb3 {[%emt 0:01:53]} 46. Rxh5 {[%emt 0:00:31]} Rxc3 {[%emt 0:00:05]} 47. Rh7+ {[%emt 0:00:28]} Ke8 {[%emt 0:02:58]} 48. Ra7 {[%emt 0:02:22]} Rxe3 {[%emt 0:00:48]} 49. Rxa6 {[%emt 0:00:09]} Ke7 {[%emt 0:00:10]} 50. Rc6 {[%emt 0:00:37]} c3 {[%emt 0:00:19]} 51. a5 {[%emt 0:03:14]} Rd3 {[%emt 0:00:17]} 52. a6 {[%emt 0:02:17]} Rd2+ 53. Kf3 Ra2 {[%emt 0:06:18]} 54. Ke3 {[%emt 0:02:17]} c2 {[%emt 0:00:07]} 55. Kd2 {[%emt 0:02:15]} Kf7 {[%emt 0:01:48]} 56. Rc7+ {[%emt 0:00:20]} Kg6 {[%emt 0:01:41]} 57. a7 {[%emt 0:00:57]} f4 {[%emt 0:00:22]} 58. Re7 {[%emt 0:01:10]} Kf5 {[%emt 0:00:57]} 59. a8=Q {[%emt 0:02:50]} Rxa8 {[%emt 0:01:16]} 60. Kxc2 {[%emt 0:00:02]} Ra3 61. Kd2 f3 {[%emt 0:01:57]} 62. Rh7 {[%emt 0:01:51]} Kf4 {[%emt 0:00:58]} 63. Rh4+ {[%emt 0:01:23]} Kg3 {[%emt 0:01:52]} 64. Rh6 {[%emt 0:00:26]} Ra2+ {[%emt 0:01:53]} 65. Ke3 {[%emt 0:00:12]} Ra3+ {[%emt 0:01:29]} 66. Kd2 {[%emt 0:00:29]} f2 {[%emt 0:01:01]} 67. Rg6+ {[%emt 0:00:11]} Kf3 {[%emt 0:00:42]} 68. Rf6+ {[%emt 0:00:09]} Kg2 {[%emt 0:00:17]} 69. d5 {[%emt 0:00:42]} exd5 {[%emt 0:00:31]} 0-1

[Event "POL-chT 1 Liga 2019"]
[Site "Dzwirzyno"]
[Date "2019.09.10"]
[Round "4.10"]
[White "Redlich, Bogdan"]
[Black "Kowalski, Maciej"]
[Result "1/2-1/2"]
[WhiteElo "1600"]
[BlackElo "2095"]
[Annotator "NA"]
[PlyCount "64"]
[EventDate "2019.09.07"]
[EventType "team-tourn"]
[EventCountry "POL"]
[SourceTitle "playchess.com"]
[Source "ChessBase"]
[SourceQuality "1"]
[TimeControl "40/5400+30:1800+30"]

1. d4 {[%emt 0:00:00]} Nf6 {[%emt 0:00:00]} 2. Nf3 {[%emt 0:00:00]} d5 {[%emt 0:00:01]} 3. Bf4 {[%emt 0:00:15]} e6 {[%emt 0:00:09]} 4. e3 {[%emt 0:01:20]} Bd6 {[%emt 0:00:09]} 5. Bg3 {[%emt 0:00:46]} O-O {[%emt 0:00:08]} 6. Bd3 {[%emt 0:00:56]} c5 {[%emt 0:00:30]} 7. c3 {[%emt 0:05:14]} Nc6 {[%emt 0:00:25]} 8. Nbd2 {[%emt 0:02:01]} b6 {[%emt 0:00:47]} 9. O-O {[%emt 0:08:36]} Bb7 {[%emt 0:09:23]} 10. Ne5 {[%emt 0:04:52]} Ne7 {[%emt 0:03:45]} 11. h3 {[%emt 0:12:20]} Nf5 {[%emt 0:10:50]} 12. Bh2 {[%emt 0:13:57]} Qc7 {[%emt 0:09:50]} 13. g4 {[%emt 0:05:19]} Ne7 {[%emt 0:01:36]} 14. f4 {[%emt 0:04:10]} Ne4 {[%emt 0:01:38]} 15. Qc2 {[%emt 0:05:44]} f6 {[%emt 0:02:28]} 16. Nxe4 {[%emt 0:05:23]} dxe4 {[%emt 0:02:10]} 17. Bxe4 {[%emt 0:00:35]} Bxe4 {[%emt 0:00:05]} 18. Qxe4 {[%emt 0:00:10]} cxd4 {[%emt 0:00:08]} 19. exd4 {[%emt 0:00:44]} fxe5 {[%emt 0:01:00]} 20. fxe5 {[%emt 0:00:26]} Ba3 {[%emt 0:00:48]} 21. bxa3 {[%emt 0:01:20]} Qxc3 {[%emt 0:00:38]} 22. Rac1 {[%emt 0:06:56]} Qxh3 {[%emt 0:01:33]} 23. Rf6 {[%emt 0:01:07]} gxf6 {[%emt 0:20:58]} 24. exf6 {[%emt 0:00:33]} Nd5 {[%emt 0:15:49]} 25. Qxe6+ {[%emt 0:01:12]} Rf7 {[%emt 0:01:07]} 26. Rc8+ {[%emt 0:07:23]} Rxc8 {[%emt 0:00:01]} 27. Qxc8+ {[%emt 0:00:10]} Rf8 {[%emt 0:00:02]} 28. Qe6+ {[%emt 0:00:08]} Kh8 {[%emt 0:00:06]} 29. f7 {[%emt 0:00:25]} Rxf7 {[%emt 0:01:15]} 30. Be5+ {[%emt 0:01:37]} Kg8 {[%emt 0:00:39]} 31. Qe8+ {[%emt 0:00:10]} Rf8 {[%emt 0:00:02]} 32. Qe6+ {[%emt 0:00:10]} Rf7 {[%emt 0:00:01]} 1/2-1/2

[Event "POL-chT 1 Liga 2019"]
[Site "Dzwirzyno"]
[Date "2019.09.10"]
[Round "4.11"]
[White "Rogala, Milosz"]
[Black "Kelm, Robert"]
[Result "1-0"]
[WhiteElo "1788"]
[BlackElo "1585"]
[Annotator "NA"]
[PlyCount "71"]
[EventDate "2019.09.07"]
[EventType "team-tourn"]
[EventCountry "POL"]
[SourceTitle "playchess.com"]
[Source "ChessBase"]
[SourceQuality "1"]
[TimeControl "40/5400+30:1800+30"]

1. e4 {[%emt 0:00:00]} c5 {[%emt 0:00:00]} 2. Nf3 {[%emt 0:01:44]} d6 {[%emt 0:00:00]} 3. d4 {[%emt 0:00:30]} cxd4 {[%emt 0:00:00]} 4. Nxd4 {[%emt 0:01:14]} Nf6 {[%emt 0:00:06]} 5. Nc3 {[%emt 0:00:16]} Nc6 {[%emt 0:00:54]} 6. f3 {[%emt 0:03:23]} a6 {[%emt 0:03:58]} 7. Be3 {[%emt 0:00:42]} e6 {[%emt 0:01:30]} 8. Bc4 {[%emt 0:04:22]} Qc7 {[%emt 0:00:51]} 9. Bb3 {[%emt 0:01:02]} Bd7 {[%emt 0:05:44]} 10. Qd2 {[%emt 0:02:02]} Ne5 {[%emt 0:00:42]} 11. O-O-O {[%emt 0:09:06]} b5 {[%emt 0:03:59]} 12. Bg5 {[%emt 0:05:23]} Nc4 {[%emt 0:02:01]} 13. Bxc4 {[%emt 0:09:32]} Qxc4 {[%emt 0:00:30]} 14. Nb3 {[%emt 0:08:12]} h6 {[%emt 0:14:16]} 15. Bh4 {[%emt 0:01:44]} b4 {[%emt 0:08:14]} 16. Ne2 {[%emt 0:01:55]} a5 {[%emt 0:00:40]} 17. Kb1 {[%emt 0:04:05]} Qc7 {[%emt 0:03:47]} 18. Qd3 {[%emt 0:05:20]} Rb8 {[%emt 0:04:48]} 19. Ned4 {[%emt 0:02:10]} Nh5 {[%emt 0:04:14]} 20. g4 {[%emt 0:05:30]} Nf4 {[%emt 0:02:37]} 21. Qd2 {[%emt 0:00:27]} Ng6 {[%emt 0:00:10]} 22. Bg3 {[%emt 0:01:40]} Ne5 {[%emt 0:01:18]} 23. Qe2 {[%emt 0:08:54]} Nc4 {[%emt 0:03:17]} 24. Rhe1 {[%emt 0:05:16]} a4 {[%emt 0:06:09]} 25. Nd2 {[%emt 0:03:23]} Nxb2 {[%emt 0:04:16]} 26. Kxb2 {[%emt 0:00:26]} Qc3+ {[%emt 0:00:04]} 27. Kb1 {[%emt 0:00:19]} Qxd4 {[%emt 0:00:21]} 28. Nc4 {[%emt 0:01:02]} Qc3 {[%emt 0:10:32]} 29. Bxd6 {[%emt 0:01:00]} Rc8 {[%emt 0:02:19]} 30. Bxf8 {[%emt 0:02:42]} Rxf8 {[%emt 0:08:29]} 31. Nd6+ {[%emt 0:01:45]} Kd8 {[%emt 0:00:07]} 32. Rd3 {[%emt 0:03:13]} Qe5 {[%emt 0:01:35]} 33. f4 {[%emt 0:01:07]} Qxf4 {[%emt 0:00:18]} 34. Nxc8 {[%emt 0:00:08]} Kxc8 {[%emt 0:00:05]} 35. Rd4 {[%emt 0:00:19]} Qb8 {[%emt 0:00:18]} 36. Qa6+ {[%emt 0:00:38]} 1-0